LEADER 01060nam--2200361---450- 001 990006170730203316 005 20160928104738.0 010 $a978-88-921-0271-2 035 $a000617073 035 $aUSA01000617073 035 $a(ALEPH)000617073USA01 035 $a000617073 100 $a20160928d2016----km-y0itay50------ba 101 $aita 102 $aIT 105 $a||||||||001yy 200 1 $aEsercizi di macroeconomia$fAndrea Salustri, Gustavo Piga 210 $aTorino$cGiappichelli$d2016 215 $aX, 123 p.$d24 cm 606 $aMicroeconomia$xEsercizi$2BNCF 676 $a338.5076 700 1$aSALUSTRI,$bAndrea$0718512 701 1$aPIGA,$bGustavo$0460545 801 0$aIT$bsalbc$gISBD 912 $a990006170730203316 951 $a338.507 SAL 2$b83833 G.$c338.507 SAL$d391107 959 $aBK 969 $aECO 979 $aFIORELLA$b90$c20160928$lUSA01$h1031 979 $aFIORELLA$b90$c20160928$lUSA01$h1040 979 $aFIORELLA$b90$c20160928$lUSA01$h1047 996 $aEsercizi di macroeconomia$91393761 997 $aUNISA LEADER 02749nam 22005775 450 001 9910300621203321 005 20230810194609.0 010 $a9783319938332 010 $a3319938339 024 7 $a10.1007/978-3-319-93833-2 035 $a(CKB)4100000004836289 035 $a(DE-He213)978-3-319-93833-2 035 $a(MiAaPQ)EBC5434763 035 $a(Perlego)3494657 035 $a(EXLCZ)994100000004836289 100 $a20180620d2018 u| 0 101 0 $aeng 135 $aurnn|008mamaa 181 $ctxt$2rdacontent 182 $cc$2rdamedia 183 $acr$2rdacarrier 200 10$aKazantzakis' Philosophical and Theological Thought $eReach What You Cannot /$fby Jerry H. Gill 205 $a1st ed. 2018. 210 1$aCham :$cSpringer International Publishing :$cImprint: Palgrave Macmillan,$d2018. 215 $a1 online resource (XIV, 150 p.) 311 08$a9783319938325 311 08$a3319938320 327 $a1. A Biographical Sketch -- 2. Zorba the Greek -- 3. The Greek Passion -- 4. The Fratricides -- 5. Saviors of God -- 6. Freedom or Death -- 7. The Fratricides -- 8. The Greek Passion -- 9. Zorba the Greek -- 10. Saint Francis -- 11. The Greek Passion -- 12. The Last Temptation of Christ -- 13. Saviors of God -- 14.Conclusion: "The Cretan Glance". 330 $aThis book explores the philosophical and theological thought of Nikos Kazantzakis. Kazantzakis is a well-known and highly influential Greek writer, having authored such works as Zorba the Greek and The Last Temptation of Christ, among many others. This volume focuses on the over-arching themes of Kazantzakis' work, namely the importance of the natural world, the nature of humanity, and the nature of God, by means of an analysis of his major novels and other writings. Along the way attention is given to the views of the important scholars who have interacted with Kazantzakis's works, including Peter Bien, Darren Middleton, and Daniel Dombrowski. . 606 $aReligion$xPhilosophy 606 $aComparative literature 606 $aGreek language 606 $aTheology 606 $aPhilosophy of Religion 606 $aComparative Literature 606 $aGreek 606 $aChristian Theology 615 0$aReligion$xPhilosophy. 615 0$aComparative literature. 615 0$aGreek language. 615 0$aTheology. 615 14$aPhilosophy of Religion. 615 24$aComparative Literature. 615 24$aGreek. 615 24$aChristian Theology. 676 $a210 700 $aGill$b Jerry H$4aut$4http://id.loc.gov/vocabulary/relators/aut$0160674 906 $aBOOK 912 $a9910300621203321 996 $aKazantzakis? Philosophical and Theological Thought$91991423 997 $aUNINA